00895nam a2200229 a 4500003000700000005001700007008004100024040003300065041000800098050001800106110003500124245022400159260004400383300002000427336002800447337003000475338002700505650002400532650002600556650005700582710002600639CBULib20250522100405.0220715s1993 ||||||||||||||||| || u aCBULibbEnglishcCBULiberda aeng aCBU(02)1993/1 aThe Copperbelt University(CBU)10aSpecial ceremony for the installation of the Chancellor : Mr Fwanyanga M Mulikita, BA (Rhodes), MA(Stanford), ICS (London) and second graduation ceremony : Saturday, 24th April, 1993c/ by The Copperbelt University(CBU) aKitwe : bCopperbelt University,c1993. a[various pages] 2rdacontentaText |btxt 2rdamediaaUnmediated |bn 2rdacarrieraVolumebnc aGRADUATION SPEECHES aGRADUATION CEREMONIES aMULIKITA, FWANYANGA M. (FWANYANGA MATALE), 1928-1998 aCopperbelt University